LEADER 01260nam a2200265 u 4500 001 000000042281 003 CaOOAMICUS 005 20070226114316.0 008 990224s1688 gw u000 u lat u 035 $a10815325 040 $aPUL(R)$bita 130 0 $aCorpus iuris civilis.$0(OLS)http://pul/title/21481 245 10$aCodicis Dn. Iustiniani sacratissimi principis PP. Aug. repetitae praelectionis libri XII /$cnotis Dionysi Gothofredi Jc. illustrati. 250 $aPostrema editio prioribus auctior et emendatior. 260 $aFrancofurti ad Moenum :$bimprimebat Balthas. Christoph. Wust.,$c1688. 300 $a1 v. (varie sequenze) ;$c27 cm 500 $aContiene indici. 500 $aTesto su due colonne. 700 1 $aGodefroy, Denis,$d1549-1621.$0(OLS)http://pul/name/6719 850 $aPUL 852 $aPUL$W1$xDP1 Antico 600$y25$m185 A 8$j57179$nBK-PRI$b $qStampati Antico$B57179$CPULBib$Z2$F57179 $H $81 941 1 $a15 961 $aINV: Ex Bibliotheca Carusi. 996 $6245$aCodicis Dn. Iustiniani sacratissimi principis PP. Aug. repetitae praelectionis libri XII$9(OLS)http://pul/title/57038 996 $6260$aFrancofurti ad Moenum :$bimprimebat Balthas. Christoph. Wust.$9(OLS)http://pul/publisher/64825 LEADER 01049nam a2200253 u 4500 001 000000045704 003 CaOOAMICUS 005 20070226114707.0 008 990614s1997 it a u000 u ita u 035 $a10826634 040 $aPUL(R)$bita 100 1 $aMichelis, Angela.$0(OLS)http://pul/name/33309 245 10$aCarlo Michelstaedter :$bil coraggio dell'impossibile /$cAngela Michelis ; prefazione di Nynfa Nosco. 260 $aRoma :$bCittà Nuova,$cc1997. 300 $a240 p. :$bill. ;$c20 cm 500 $aInclude indici. 504 $aBibliografia : p.[137]-152. 600 14$aMichelstaedter, Carlo,$d1887-1910.$0(OLS)http://pul/subject/19622 850 $aPUL 852 $aPUL$W1$xSL Filosofia 2$y80$mPhil A15 113$j61367$nBK-PRI$b $qStampati altre collocazioni$B61367$CPULBib$Z2$F61367 $H $81 941 1 $a10 961 $aINV: 76762 996 $6245$aCarlo Michelstaedter :$bil coraggio dell'impossibile$9(OLS)http://pul/title/61635 996 $6260$aRoma :$bCittà Nuova$9(OLS)http://pul/publisher/47927